Los presupuestos irracionales de la racionalidad /

Furkejuvvon:
Bibliográfalaš dieđut
Váldodahkki: Cíntora G., Armando (autor)
Materiálatiipa: Girji
Giella:espánnjágiella
Almmustuhtton: Barcelona, España : México : Anthropos ; UAM Azcapotzalco, 2005, c2005
Ráidu:(Autores, Textos y Temas. Ciencias Sociales ; 58)
Fáttát:
Fáddágilkorat: Lasit fáddágilkoriid
Eai fáddágilkorat, Lasit vuosttaš fáddágilkora!

MARC

LEADER 00000nam^a2200000^a^4500
001 000181451
005 20250521000000.0
009 20260310101932.754
020 |a 84-7658-731-7 
037 |a Acervo ITESO - Biblioteca 
041 |a ESP 
082 |a 121.  |b CIN 
100 |a Cíntora G., Armando  |e (autor) 
245 1 4 |a Los presupuestos irracionales de la racionalidad /  |c A. Cíntora G. 
264 4 |a Barcelona, España :  |b Anthropos ;  |a México :  |b UAM Azcapotzalco,  |c 2005, c2005 
300 |a 204 p. 
336 |a texto  |b txt  |2 rdacontenido 
337 |a sin mediación  |b n  |2 rdamedio 
338 |a volumen  |b nc  |2 rdasoporte 
440 1 |a (Autores, Textos y Temas.  |p Ciencias Sociales ;  |v 58) 
649 |a XX 
650 |a Filósofos Norteamericanos 
650 |a Epistemología 
650 |a Conocimiento 
650 |a Racionalismo -  |x Teoría 
650 |a Laudan, Larry 
910 |a Fondo General 
920 |a Impresos - Libros 
930 |a Colección General 
905 |a 101 
901 |a 0500121282  |b IT1  |c ACC  |u 20250521 
902 |a https://opac.biblio.iteso.mx/vufind/Record/000181451